000 01134nkm a2200265 i 4500
001 3970
003 ES-MaACL
005 20250713062858.0
007 khrbo
008 070620s1987 sp --- g |001||spa d
100 0 _aAlfonso,
_d1902-1990
_919858
245 1 1 _a¿Qué está pasando con los jóvenes? [
_hFotografía] /
_cAlfonso (sello).
260 _a[S.l. :
_bs.n.],
_c1987.
300 _a2 fot. :
_bb. y n. ;
_c12 x 18 cm.
500 _aDatos basados en invitación.
511 0 _aInterviene: Josep María Riera Mercader.
518 _aActo organizado por el Ateneo de Madrid en colaboración con el Instituto de la Juventud del Ministerio de Cultura, celebrado en el salón de actos el viernes, 6 de marzo de 1987, a las 19:30 h.
600 1 4 _aRiera Mercader, Josep María.
_997129
610 2 4 _aAteneo de Madrid-
_xActos culturales-
_y1987-
_vFotografías.
_91902
710 2 _aAteneo de Madrid.
_91875
710 2 _aInstituto de la Juventud (España)
_94979
852 _aES-MaACL
_jFOT 36/1987
856 4 _uhttp://www.ateneodemadrid.net/biblioteca_digital/imagenes/1987/0036-1987.jpg
_zVer imagen
999 _c3970
_d3970